000 00855nam a2200217Ia 4500
003 GCL
005 20240530103940.0
008 140319s9999 xx 000 0 ara d
040 _aGCL /
_cGCL
082 0 4 _a953.071\
_bإ ب
100 1 _aابن عميرة الضبى : ابو جعفر احمد بن يحيى بن احمد
245 1 0 _aبغية الملتمس فى تاريخ رجال اهل الاندلس /
_cابن عميرة الضبى : ابو جعفر احمد بن يحيى بن احمد
260 _aبيروت :
_bدار الكاتب العربى ،
_c1967
300 _aمتعدد ؛
_c24 سم
490 _aالمكتبة الاندلسية
_v0
650 0 4 _aفتح الاندلس
650 0 4 _aالاسلام - تراجم
650 0 4 _aالاندلس - تاريخ
700 0 _aابراهيم الابياري .
942 _2ddc
_cBK
999 _c43670
_d43670